Представление документа в формате MARC21

Поле Инд. ПП Название Значение
Тип записи a
Библиографический уровень m
001 Контрольный номер 941f5659-8db3-416e-a89b-800dd8edc9e9
005 Дата корректировки 20131112071443.6
008 Кодируемые данные 010206 d
020 a ISBN 2-10-0026135
040 a Служба первич. каталог. НБ ТвГУ
041 a Код языка текста fre
080 a Индекс УДК 339.54:061.1(100)
084 a Индекс другой классификации/Индекс ББК У584.3-65
090 x Авторский знак M60
a Полочн. индекс У584.3
100 1_ a Автор Messerlin Patrick
245 00 a Заглавие La nouvelle organisation mondiale du commerce
c Ответственность P. Messerlin
260 0_ a Место издания Paris
b Издательство Ifri-Dunod
c Дата издания 1995
300 a Объем 368 p.
440 a Серия Coll. Ramses
504 a Библиография Bibliogr.: p.351-366.-Ind.: p.367-368.
650 a Основная рубрика Мировая экономика
x Основная подрубрика Торговля внешняя
650 a Основная рубрика Всемирная торговая организация
650 a Основная рубрика Торговые отношения международные
x Основная подрубрика Экономика
650 a Основная рубрика Международные торговые организации
653 a Ключевые слова Всемирная тороговая организация
a Ключевые слова Мировая экономика
a Ключевые слова Внешняя торговля
a Ключевые слова Международные торговые отношения
a Ключевые слова Международные торговые организации
a Ключевые слова Экономика
930 a Новая/Ретро иностр
a Новая/Ретро фра
954 a Дата поступления на обработку 20010206
999 a Подразделение 2 Каб.УиС